000 00506nam a2200181Ia 4500
008 090123s9999 xx 000 0 und d
082 _b19763
100 _aभावे पु. भा.
245 _aकोवळी मने
250 _a1
260 _bआरती प्रकाशन
_c1990
300 _a87
600 _aभावे पु. भा.
630 _aकोवळी मने
700 _aभावे पु. भा.
730 _aकोवळी मने
942 _cBOOK
999 _c57833
_d57833